The Ducal Estate of Stowe... (Record no. 116530)

MARC details
000 -LEADER
fixed length control field 00916cam a22002055a 4500
001 - CONTROL NUMBER
control field L140915
008 - FIXED-LENGTH DATA ELEMENTS--GENERAL INFORMATION
fixed length control field 071017s1921 xxk eng u
035 ## - SYSTEM CONTROL NUMBER
System control number (Sirsi) u140915
041 0# - LANGUAGE CODE
Language code of text/sound track or separate title eng
110 2# - MAIN ENTRY--CORPORATE NAME
Corporate name or jurisdiction name as entry element Jackson Stops
9 (RLIN) 5412
245 04 - TITLE STATEMENT
Title The Ducal Estate of Stowe...
Remainder of title Messrs. Jackson Stops will sell by auction at Stowe House on Monday July 4th 1921 at 1 o'clock the freehold of the historic mansion and estate...on the eighteen days following (from July 5th to July 28th excluding Saturdays at 11 o'clock precisely each day) will be sold the contents of the mansion...
260 ## - PUBLICATION, DISTRIBUTION, ETC.
Place of publication, distribution, etc. S.l.
Name of publisher, distributor, etc. s.n.
Date of publication, distribution, etc. [1921]
300 ## - PHYSICAL DESCRIPTION
Extent 232 p.
Other physical details ill., map, col. plans
Dimensions 38 cm.
340 ## - PHYSICAL MEDIUM
Material base and configuration Printed
351 ## - ORGANIZATION AND ARRANGEMENT OF MATERIALS
Hierarchical level Single item
500 ## - GENERAL NOTE
General note The Library's copy of the catalogue is no. 399.
651 4# - SUBJECT ADDED ENTRY--GEOGRAPHIC NAME
Geographic name Buckinghamshire
690 ## - LOCAL SUBJECT ADDED ENTRY--TOPICAL TERM (OCLC, RLIN)
Topical term or geographic name as entry element PROPERTY-PROPERTY ACQUISITION AND DISPOSAL-ACQUISITION AND DISPOSAL AT AUCTION
942 ## - ADDED ENTRY ELEMENTS (KOHA)
Suppress in OPAC 0
Holdings
Withdrawn status Lost status Source of classification or shelving scheme Damaged status Not for loan Home library Current library Shelving location Date acquired Total Checkouts Full call number Barcode Date last seen Copy number Price effective from Koha item type
    Dewey Decimal Classification     London London Basement 17/10/2007   BASEMENT BOX 1 30013187 06/08/2019 1 06/08/2019 Archive